| 000 | 01524cam a22003495i 4500 | ||
|---|---|---|---|
| 999 |
_c27898 _d27869 |
||
| 001 | 19118708 | ||
| 003 | EG-ScBUE | ||
| 005 | 20191215135707.0 | ||
| 008 | 160603s2017 enka f bd 001 0 eng d | ||
| 020 | _a9781781794333 (paperback) | ||
| 040 |
_aDLC _beng _erda _cDLC _dDLC _dEG-ScBUE |
||
| 082 | 0 | 4 |
_a410 _bMCC _222 |
| 100 | 1 |
_aMcCabe, Anne _q(Anne M.) _eauthor. |
|
| 245 | 1 | 3 |
_aAn introduction to linguistics and language studies / _cAnne McCabe. |
| 246 | 3 | 0 | _aLinguistics and language studies |
| 250 | _aSecond edition. | ||
| 264 | 1 |
_aSheffield, UK ; _aBristol, CT : _bEquinox Publishing, _c2017. |
|
| 300 |
_axiii, 469 pages : _billustrations ; _c26 cm. |
||
| 336 |
_atext _btxt _2rdacontent |
||
| 337 |
_aunmediated _bn _2rdamedia |
||
| 338 |
_avolume _bnc _2rdacarrier |
||
| 490 | 0 | _aEquinox textbooks and surveys in linguistics | |
| 500 | _aIncludes glossary. | ||
| 504 | _aIncludes bibliographical references and index. | ||
| 520 | _aThis introductory textbook provides readers with a foundation for analyzing and understanding language from various theoretical perspectives within linguistics and language studies. | ||
| 650 | 7 |
_aLinguistics. _2BUEsh |
|
| 650 | 7 |
_aLanguage and languages. _2BUEsh |
|
| 653 |
_bHHUUEENN _cNovember2019 |
||
| 655 | _vReading book | ||
| 776 | 0 | 8 |
_iOnline version: _aMcCabe, Anne (Anne M.) author. _tIntroduction to linguistics and language studies _bSecond edition. _dSheffield, UK ; Bristol, CT : Equinox Pulishing Ltd, [2016] _z9781781795316 _w(DLC) 2016026720 |
| 942 |
_2ddc _cBB |
||